Pengantar studi Islam, (Record no. 61750)

MARC details
000 -LEADER
fixed length control field 00659cam a22002411 4500
001 - CONTROL NUMBER
control field sa 65000794
003 - CONTROL NUMBER IDENTIFIER
control field DLC
005 - DATE AND TIME OF LATEST TRANSACTION
control field 20260227112105.0
008 - FIXED-LENGTH DATA ELEMENTS--GENERAL INFORMATION
fixed length control field 850817s1964 io bf 000 0 ind
010 ## - LIBRARY OF CONGRESS CONTROL NUMBER
LC control number sa 65000794
025 ## - OVERSEAS ACQUISITION NUMBER
Overseas acquisition number PL480:Indo-1182
035 ## - SYSTEM CONTROL NUMBER
System control number (OCoLC)12395721
040 ## - CATALOGING SOURCE
Original cataloging agency DLC
Transcribing agency KyU
Modifying agency DLC
042 ## - AUTHENTICATION CODE
Authentication code premarc
050 00 - LIBRARY OF CONGRESS CALL NUMBER
Classification number BP161.2
Item number .S9
100 0# - MAIN ENTRY--PERSONAL NAME
Personal name Sjafaʼat.
245 10 - TITLE STATEMENT
Title Pengantar studi Islam,
Remainder of title mengantarkan pembatja manggali api Islam.
250 ## - EDITION STATEMENT
Edition statement [Tjet. 1]
260 ## - PUBLICATION, DISTRIBUTION, ETC.
Place of publication, distribution, etc. Djakarta,
Name of publisher, distributor, etc. Bulan Bintang,
Date of publication, distribution, etc. 1964.
300 ## - PHYSICAL DESCRIPTION
Extent 132 p.
Dimensions 20 cm.
504 ## - BIBLIOGRAPHY, ETC. NOTE
Bibliography, etc. note Bibliography: p. 131-132.
650 #0 - SUBJECT ADDED ENTRY--TOPICAL TERM
Topical term or geographic name entry element Islam
Form subdivision Handbooks, manuals, etc.

No items available.

Powered by Koha